000 00285nam a22001337a 4500
008 170316b xxu||||| |||| 00| 0 eng d
020 _a076092013693
041 _aeng
080 _a611
100 _a7
101 _aSHM
245 _aANATOMY COLORING BOOK
_cKAPIT..W
942 _2udc
_cBK
999 _c7958
_d7958